• 首页
  • 本馆介绍
  • 公告通知
  • 最新文献
  • 馆藏检索
  • 电子资源
  • 读者导购
  • 参考咨询
  • 我的图书馆
  • 登录
  • 详细信息显示
  • 放入我的书架
  • 预约/预借图书
  • 作者相关作品
  • 分类相关作品
  • 丛书相关作品
  • 出版社相关作品

书目信息

  • 表格格式
  • 工作单格式
  • 卡片格式
题名:
数据结构
    
 
作者: 严蔚敏 , 吴伟民 编著
分册:  
出版信息: 北京   清华大学出版社  1992.6
页数: 340页
开本: 26cm
丛书名:
单 册:
中图分类: TP311.12
科图分类: 73.87221
主题词: 软件
电子资源:
ISBN: 7-302-00984-8
000 00976nam0 2200301 45
001 0192010316
005 20070609141609.56
010    @a7-302-00984-8@dCNY6.05
020    @aCN@b92010316
092    @a科技266-194
100    @a19920826d1992 em y0chiy0121 ea
101 0  @achi
102    @aCN@b110000
105    @ay z 001yy
200 10 @a数据结构@Ashu ju jie gou@f严蔚敏,吴伟民编著@Fyan wei min wu wei min bian zhu
205    @a2版
210    @a北京@c清华大学出版社@d1992.6
215    @a340页@d26cm
300    @a清华大学计算机系列教材
330    @a本书介绍了各种类型的数据结构和查找、排序的方法,对每一种数据结构阐述其基本概念、具体实现和操作的PASCAL算法,对查找和排序的各种算法作出定量或定性的分析比较。
540 1  @a数据结构@Ashu ju jie gou
606 0  @a软件
690    @aTP311.12
692    @a73.87221
701  0 @a严蔚敏@Ayan wei min@4编著
701  0 @a吴伟民@Awu wei min@4编著
801  0 @aCN@bNLC@c20070609
905    @f1@b247428@dTP311.12@e35=2
    
    数据结构/严蔚敏,吴伟民编著.-2版.-北京:清华大学出版社,1992.6
    340页;26cm
    清华大学计算机系列教材
    
    ISBN 7-302-00984-8:CNY6.05
    本书介绍了各种类型的数据结构和查找、排序的方法,对每一种数据结构阐述其基本概念、具体实现和操作的PASCAL算法,对查找和排序的各种算法作出定量或定性的分析比较。
●
相关链接 在E读中查询图书 在五车中查询图书 在当当中查询图书 在豆瓣中查询图书


正题名:数据结构     索取号:TP311.12/35=2         预约/预借

序号 登录号 条形码 馆藏地/架位号 状态 备注
1 0247428   001935204   第三借阅区/ [索取号:TP311.12/35=2] 在馆    
2 0631312   206313121   密集书库/ [索取号:TP311.12/35=2] 在馆    
3 0631313   206313130   密集书库/ [索取号:TP311.12/35=2] 在馆    
唐山师范学院图书馆 欢迎您!
大连网信软件有限公司© 版权所有